| 000 | 00510nam a2200193Ia 4500 | ||
|---|---|---|---|
| 005 | 20250703115110.0 | ||
| 008 | 008 250516s9999 xx 000 0 eng d | ||
| 020 | _a9780367713553 | ||
| 040 |
_beng _cSDCL |
||
| 041 |
_aeng _2eng |
||
| 084 | _aS:(4) R3 | ||
| 100 |
_aSanborn, Fred W. _9810149 |
||
| 245 | 0 | _aA cognitive psychology of mass communication | |
| 250 | _a8th ed. | ||
| 260 |
_aNew York : _bRoutledge, _c2023. |
||
| 300 | _axi, 554p. | ||
| 650 | _aApplied Psychology | ||
| 942 |
_cTEXL _2CC |
||
| 999 |
_c1430673 _d1430673 |
||